Furniture prices static while other markets fall (Record no. 81269)

MARC details
000 -LEADER
fixed length control field 00895cab a22002175a 4500
001 - CONTROL NUMBER
control field L146733
008 - FIXED-LENGTH DATA ELEMENTS--GENERAL INFORMATION
fixed length control field 090220e20090126xxkad f s 000 0 eng d
035 ## - SYSTEM CONTROL NUMBER
System control number (Sirsi) u146733
041 0# - LANGUAGE CODE
Language code of text/sound track or separate title eng
245 00 - TITLE STATEMENT
Title Furniture prices static while other markets fall
Medium [electronic resource]
260 ## - PUBLICATION, DISTRIBUTION, ETC.
Date of publication, distribution, etc. 2009
490 #0 - SERIES STATEMENT
Series statement Antiques Trade Gazette
Volume/sequential designation 26 January 2009
520 ## - SUMMARY, ETC.
Summary, etc. Reports that the Antiques Collectors' Club's annual Antique Furniture Index for 2008 fell slightly by one percent, which was not bad in a year when so many economic investments performed poorly.
590 ## - LOCAL NOTE (RLIN)
Local note KA
650 24 - SUBJECT ADDED ENTRY--TOPICAL TERM
Topical term or geographic name entry element ANTIQUE COLLECTORS' CLUB ANNUAL ANTIQUE FURNITURE INDEX
650 24 - SUBJECT ADDED ENTRY--TOPICAL TERM
Topical term or geographic name entry element ANTIQUES TRADE GAZETTE
651 #4 - SUBJECT ADDED ENTRY--GEOGRAPHIC NAME
Geographic name United Kingdom
Chronological subdivision
690 ## - LOCAL SUBJECT ADDED ENTRY--TOPICAL TERM (OCLC, RLIN)
Topical term or geographic name as entry element Arts and antiques
9 (RLIN) 6217
856 40 - ELECTRONIC LOCATION AND ACCESS
Uniform Resource Identifier <a href="https://www.antiquestradegazette.com/news/7026.aspx">https://www.antiquestradegazette.com/news/7026.aspx</a>
Public note View the item at www.antiquestradegazette.com...
942 ## - ADDED ENTRY ELEMENTS (KOHA)
Suppress in OPAC 0
Holdings
Withdrawn status Lost status Source of classification or shelving scheme Damaged status Not for loan Home library Current library Shelving location Date acquired Total Checkouts Full call number Barcode Date last seen Copy number Price effective from Koha item type
    Dewey Decimal Classification     Virtual Virtual Online 20/02/2009   ONLINE PUBLICATION 146733-2001 06/08/2019 1 06/08/2019 Journal article